000 007410000a22002650004500
500 _aInclude bibliographies
650 _aHydrology
650 _aHydrogeology
650 _aRain
650 _aSoil erosion
651 _aNepal
651 _aKabhrepalanchok
650 _aAndheri Khola Watershed
082 _a551.48
_bP195g
_cD
518 _a980114
530 _aDis
100 _aPant, Bhaskar Datt
245 _aGeo-hydrological processes in the middle mountains of Nepal; a case study of Andheri Khola Watershed in Kabhrepalanchok District
260 _aKathmandu, Nepal
502 _aDissertation
_bDegree in Geology, Tribhuvan University
260 _c1997
041 _aEng
300 _a43p.
_billus
942 _cGEN
999 _c13064
_d13064